000 00565nam a2200193Ia 4500
003 GCL
008 140319s9999 xx 000 0 ara d
040 _aGCL /
_cGCL
082 0 4 _a813.03
_bن ط
100 1 _aنجيب محفوظ
245 1 0 _aالطريق (بالبرتغالية) /
_cنجيب محفوظ
260 _a[S.N] :
_bالجامعة الامريكية بالقاهرة ،
_c1989
300 _a154 ص
490 _a
650 0 4 _aالادب العربى
650 0 4 _aالقصة العربية
650 0 4 _aنجيب محفوظ
942 _2ddc
_cBK
999 _c33482
_d33482